000 01152nam1a22003131 4500
001 v19\rc\1954350
005 20260406162845.0
035 _a(NLR Aleph) 005038836
090 _a6771143
_c6771143
100 _a20080428d1913 u y0rusy50 ca
101 0 _arus
102 _aRU
105 _ay z |||||
200 1 _aФракция прогрессистов в 4-й Государственной думе
_eСессия 1. 1912-1913 год
_e[Обзор деятельности]
210 _aСанкт-Петербург
_d1913
215 _a3 т.
_d23
532 1 1 _aФракция прогрессистов в Четвертой Государственной думе
710 0 1 _aРоссия
_bГосударственная дума
_bСозыв
_c4
_bФракция прогрессистов
_3RU\NLR\AUTH\889934280
_9363710
801 0 _aRU
_bNLR
_gpsbo
801 0 _aRU
_bRuMoRGB
_2psbo
801 1 _aRU
_bProSoft-M
_2rusmarc
852 _aNLR
_j37.40.2.16
899 _aRuMoRGB
_jF 79а/127
_y(1-3)
899 _aБАН
_y(1-3)
899 _aГПИБ
_y(2-3)
899 _aНБ МГУ
_y(2-3)
942 _cBOOK
980 _aNB